00353nam a2200133Ia 4500008004100000100001500041245004400056260000900100300001500109504001200124650001200136650002000148773005100168181130s2018 xx 000 0 und d aBalaji, B. aThe myriad landscapes of Indian tourism c2018 ap.128-130. dJan-Jun aTourism aTourism - India aSouth Asian Journal of Socio-Political Studies